000 00640nam a2200205 a 4500
005 20140310183534.0
008 111005s19uu xx 00 eng d
020 _a9789719395225
050 _aHF 5719
_b.D362 2009
100 _ade los Reyes, Rodolfo A.
245 _aWrite right for results :
_ba fun guide to one page letters, memos, & reports /
_cRodolfo A. de los Reyes.
260 _aPasig City :
_bRAdelosReyes Management Consultancy,
_c2009.
300 _a139 p. :
_bill. ;
_c23 cm.
521 _aBSBA
650 _aBusiness writing
650 _aLetter writing
942 _cBK
_2lcc
_kLOC
999 _c24684
_d24684